George and Martha encore.

In five brief episodes two hippopotamuses reinforce their friendship.

Bibliographic Details
Main Author: Marshall, James, 1942-1992
Format: Book
Language:English
Published: Boston : Houghton Mifflin, 1973.
Subjects:

MARC

Tag First Indicator Second Indicator Subfields
LEADER 00000pam a2200000 4500
001 in00000087768
005 20151008063007.0
008 730403s1973 maua j 00011 eng
010 |a  73005845  
020 |a 0395175127  |c $4.95 
035 |a (OCoLC)00614224 
035 |9 AAK1360AM 
040 |a DLC  |c DLC  |d m.c.  |d UtOrBLW 
049 |a TXAM 
050 0 0 |a PZ10.3 M3535  |b  Gg 
082 0 |a [E] 
100 1 |a Marshall, James,  |d 1942-1992. 
245 1 0 |a George and Martha encore. 
264 1 |a Boston :  |b Houghton Mifflin,  |c 1973. 
300 |a 46 pages :  |b color illustrations ;  |c 21 cm. 
336 |a text  |b txt  |2 rdacontent 
337 |a unmediated  |b n  |2 rdamedia 
338 |a volume  |b nc  |2 rdacarrier 
520 |a In five brief episodes two hippopotamuses reinforce their friendship. 
650 1 |a Friendship  |x Fiction. 
999 |a MARS 
999 f f |s 9dcb3993-9afc-3c98-8573-f4b6f4a2aef9  |i 96fe4f15-8c4f-33ee-8c27-dbdcacf705a5  |t 0 
952 f f |p normal  |a Texas A&M University  |b College Station  |c Sterling C. Evans Library  |d Evans: Curriculum Collection (4th floor)  |t 0  |e PZ10.3 M3535 Gg  |h Library of Congress classification  |i unmediated -- volume  |m A14805980969 
998 f f |a PZ10.3 M3535 Gg  |t 0  |l Evans: Curriculum Collection (4th floor)